000 00289nam a2200121Ia 4500
008 190216s9999||||xx |||||||||||||| ||und||
100 _aSuresh Mamgai
245 0 _aHindi-Gadravali Masha Aur Sahithya
260 _bNavraj Prakashan
_c2008
300 _a232
650 _aHindi
942 _cBK
999 _c16913
_d16913